ロード中...

Management accounting /

書誌詳細
第一著者: Reddy, P.N .
その他の著者: Appannaiah,H R.
フォーマット: Printed Book
出版事項: Mumbai : Himalaya Publishing House , 1997.
主題:
LEADER 00458cam a2200145ua 4500
082 1 4 |a 658.1511  |b RED-M 
100 1 |a Reddy, P.N . 
245 1 0 |a Management accounting /  
260 |a Mumbai :   |b Himalaya Publishing House ,   |c 1997. 
300 |a 549p ;  
650 0 |a Management accounting 
700 |a Appannaiah,H R. 
942 |c BK 
999 |c 34493  |d 34493 
952 |0 0  |1 0  |4 0  |6 658_151100000000000_REDM  |7 0  |9 44180  |a KU  |b KU  |d 2015-07-05  |l 0  |o 658.1511 RED-M  |p MB00200  |r 2020-12-24  |y BK